| 000 | 00431nam a2200121Ia 4500 | ||
|---|---|---|---|
| 008 | 220620s9999||||xx |||||||||||||| ||und|| | ||
| 100 | _aGenther, Phyllis A. | ||
| 245 | 2 |
_aA History of Japan’s Government-Business Relationship _bThe Passenger Car Industry |
|
| 546 | _aEnglish[eng] | ||
| 650 | _aSociology and anthropology | ||
| 856 | _uhttps://library.oapen.org/bitstream/20.500.12657/41850/1/9780472902071.pdf | ||
| 942 | _cEB | ||
| 999 |
_c24942 _d24942 |
||